Statistics for Malaysia Country Quiz

Click here to take the quiz!

General Stats

  • This quiz has been taken 10,767 times
    (10,703 since last reset)
  • The average score is 14 of 20

Answer Stats

ClueAnswer% Correct
Capital cityKuala Lumpur
97%
Countries which border MalaysiaIndonesia
97%
Most-practiced religionIslam
96%
Countries which border MalaysiaThailand
95%
Island nation which became
independent from Malaysia in 1965
Singapore
95%
Country that controlled Malaysia
between 1826–1957
United Kingdom
90%
Countries which border MalaysiaBrunei
88%
Malaysia's flag has more of
these than any flag in the world
{Stripe}s
86%
Island of eastern MalaysiaBorneo
80%
Staple cropRice
79%
Sea located in middle of MalaysiaSouth China Sea
77%
Tallest buildings in Malaysia,
once the tallest in the world
Petronas
Towers
76%
The Malay Peninsula is part of
this bigger peninsula
Indochina
72%
National fruit (large and stinky)Durian
62%
National animal of MalaysiaMalayan Tiger
53%
Second biggest urban-area,
named for a British king
George Town
51%
Strait located between Malaysia
and Sumatra
Strait of {Malacca}
48%
Method of corporal punishment
inflicted for certain crimes
Caning
38%
Currency of MalaysiaRinggit
34%
Malaysian city just north of the aboveJohor Bahru
26%

Score Distribution

Percentile by Number Answered

Percent of People with Each Score

Your Score History

You have not taken this quiz since the last reset